Alice in Wonderland / (Record no. 8034)

MARC details
000 -LEADER
fixed length control field 00934nam a22002657a 4500
001 - CONTROL NUMBER
control field 8034
003 - CONTROL NUMBER IDENTIFIER
control field FISKH
005 - DATE AND TIME OF LATEST TRANSACTION
control field 20250819113459.0
008 - FIXED-LENGTH DATA ELEMENTS--GENERAL INFORMATION
fixed length control field 250819b cb ||||| |||| 00| 0 eng d
020 ## - INTERNATIONAL STANDARD BOOK NUMBER
International Standard Book Number 9780439291491
040 ## - CATALOGING SOURCE
Original cataloging agency FISKH
Language of cataloging eng
Transcribing agency FISKH
Modifying agency FISKH
050 ## - LIBRARY OF CONGRESS CALL NUMBER
Classification number PZ7.C234937 A1
082 ## - DEWEY DECIMAL CLASSIFICATION NUMBER
Classification number 823.8
100 ## - MAIN ENTRY--PERSONAL NAME
Personal name Carroll, Lewis
245 ## - TITLE STATEMENT
Title Alice in Wonderland /
Statement of responsibility, etc. by Lewis Carroll with an original illustrations by Sir John Tenniel
250 ## - EDITION STATEMENT
Edition statement First Scholastic Junior Classic Edition printing, September 2001
260 ## - PUBLICATION, DISTRIBUTION, ETC.
Place of publication, distribution, etc. New York :
Name of publisher, distributor, etc. Scholastic ,
Date of publication, distribution, etc. 2001.
300 ## - PHYSICAL DESCRIPTION
Extent 159 pages :
Other physical details illustrations ;
Dimensions 20 cm.
490 ## - SERIES STATEMENT
Series statement Alice's Adventures
Volume/sequential designation 1
520 ## - SUMMARY, ETC.
Summary, etc. A little girl falls down a rabbit hole and discovers a world of nonsensical and amusing characters.<br/>
650 ## - SUBJECT ADDED ENTRY--TOPICAL TERM
Topical term or geographic name entry element Alice in Wonderland
Form subdivision Children's literature
700 ## - ADDED ENTRY--PERSONAL NAME
Personal name Tenniel, Sir John
Relator term Illustrator
942 ## - ADDED ENTRY ELEMENTS (KOHA)
Source of classification or shelving scheme Dewey Decimal Classification
Koha item type Books
Suppress in OPAC No
Holdings
Withdrawn status Lost status Source of classification or shelving scheme Damaged status Not for loan Home library Current library Shelving location Date acquired Total Checkouts Full call number Barcode Date last seen Price effective from Koha item type
    Dewey Decimal Classification     Footprints International School Library Network Toul Tom Poung Campus Footprints International School Library Network Toul Tom Poung Campus TTP Secondary Fiction Bookshelves 08/19/2025   CAR 823.8 PZ7.C234937 A1 FISSE00736 08/19/2025 08/19/2025 Books